Vol de nuit (Record no. 45292)
[ view plain ]
| 000 -Etiqueta do registo | |
|---|---|
| Valores | 00449cam a22001691 4500 |
| 100 ## - Dados gerais de processamento | |
| Dados gerais | 19930320d1931 m y0pory5003 ba |
| 101 0# - Língua de publicação | |
| Língua | fra |
| 102 ## - País de publicação | |
| País | FR |
| 200 1# - Titulo e menção de responsabilidade | |
| Título próprio | Vol de nuit |
| Primeira menção de responsabilidade | Antoine de Saint-Exupéry |
| Outras menções de responsabilidade | pref. André Gide |
| 210 #9 - Publicação | |
| Local de publicação | Paris |
| Nome do editor | Gallimard, |
| Data de publicação | 1978 |
| 215 ## - Descrição física | |
| Paginação / Volumes | 187, [1] p. |
| 675 ## - CDU | |
| Notação | 821.133.1-31"19" |
| Edição | BN |
| Língua | por |
| 700 #1 - Autor principal | |
| Apelido | Saint-Exupéry, |
| Nome | Antoine de, |
| Datas | 1900-1944 |
| 801 #0 - Fonte de origem | |
| País | PT |
| Agência | BN |
| Regras de catalogação | RPC |
| 990 ## - Elementos KOHA | |
| Tipo de documento | Livro |
| Aquisição | Empréstimo | Código de barras | Cota | Permissão de empréstimo | Tipo de documento |
|---|---|---|---|---|---|
| Biblioteca Municipal de Redondo | Biblioteca Municipal de Redondo | 056017 | 821.133.1-3 SAI | Livro |